000 00414nam a2200157Ia 4500
008 240729s9999 xx 000 0 und d
022 _a1757-9988
245 4 _aThe Journal of Adhesive Dentistry
260 _aGermany
260 _bQuintessenz Verlags-GmbH
650 _a Dentistry
650 _aMedicine
856 _uhttps://doaj.org/toc/e3c262d8eada40f4b3cba2c444274842
942 _2ddc
942 _cDOAJEJ
999 _c73295
_d73295
945 _a1
_bMadushi Gamage
_c1
_dMadushi Gamage